| 000 -CABECERA |
| Longitud fija campo de control |
00466nam a2200181 a 4500 |
| 001 - NÚMERO DE CONTROL |
| Número de control |
3423 |
| 003 - IDENTIFICADOR DEL NÚMERO DE CONTROL |
| Identificador del número de control |
CDMR |
| 005 - FECHA Y HORA DE LA ÚLTIMA TRANSACCIÓN |
| Fecha y hora de la última transacción |
20131010120226.0 |
| 008 - CÓDIGOS DE INFORMACIÓN DE LONGITUD FIJA |
| Códigos de información de longitud fija |
130130s2003||||||||||||||||||||||||||||d |
| 020 ## - NÚMERO INTERNACIONAL NORMALIZADO PARA LIBROS |
| Número Internacional Normalizado para Libros (ISBN) |
8497081064 |
| 040 ## - FUENTE DE LA CATALOGACIÓN |
| Centro catalogador de origen |
CDMR |
| Lengua de catalogación |
cat |
| Centro transcriptor |
CDMR |
| 100 1# - PUNTO DE ACCESO PRINCIPAL-NOMBRE DE PERSONA |
| Nombre de persona |
Foz, Xavier |
| 9 (RLIN) |
2469 |
| 245 10 - MENCIÓN DE TÍTULO |
| Título |
Sense embuts |
| Resto del título |
: confessions d'un periodista |
| Mención de responsabilidad, etc. |
Xavier Foz |
| 260 ## - PUBLICACIÓN, DISTRIBUCIÓN, ETC. (PIE DE IMPRENTA) |
| Lugar de publicación, distribución, etc. |
Barcelona |
| Fecha de publicación, distribución, etc. |
2003 |
| Nombre del editor, distribuidor, etc. |
Planeta |
| 300 ## - DESCRIPCIÓN FÍSICA |
| Extensión |
343 p. |
| 490 0# - MENCIÓN DE SERIE |
| Mención de serie |
Ramon Llull. |
| -- |
Panorama |
| Designación de volumen o secuencia |
59 |
| 942 ## - ENTRADA DE ELEMENTOS AGREGADOS (KOHA) |
| Koha [por defecto] tipo de item |
Monografies |
| Fuente de clasificaión o esquema |
|